Obras poéticas (Registro nro. 303289)

Detalles MARC
000 -ENCABEZADO
Número de control [NR] 01496nam a2200277 4500
005 - FECHA Y HORA DE LA ÚLTIMA TRANSACCIÓN
control field 20160425115616.0
008 - DE LONGITUD FIJA DE DATOS DE ELEMENTOS - INFORMACIÓN GENERAL
Elementos de longitud fija [NR] 160425s1854 sp |||fr|||| 001 pdspa d
040 ## - FUENTE DE CATALOGACION [NR]
Agencia de catalogación original [NR] CO-BoUCM
Idioma de catalogación [NR] spa
Quien Cataloga Sandra Yazo
Quien Clasifica Sandra Yazo
041 0# - CODIGO DE IDIOMA [R]
Código de idioma para texto/pista de sonido o título separado [R] Español
082 10 - NUMERO DE CLASIFICACION DECIMAL DEWEY [R]
Número de la edición [NR] 20
Número de clasificación [R] 861.4
092 ## - SIGNATURA TOPOGRAFICA LOCAL
Número de clasificación local E39N046
100 1# - ASIENTO PRINCIPAL--NOMBRE PERSONAL [NR]
Nombre personal [NR] Gallego, Juan Nicasio
Fechas asociadas con el nombre [NR] 1777-1853
ID Autoridad 76833
245 10 - MENCION DE TITULO [NR]
Título [NR] Obras poéticas
Mención de responsabilidad, etc. [NR] de don Juan Nicasio Gallego ... públicadas por la misma académia
260 ## - PUBLICACION, DISTRIBUCION, ETC. (PIE DE IMPRENTA) [R]
Lugar de publicación, distribución, etc. [R] Madrid (España)
Nombre del editor, distribuidor, etc. [R] Imprenta del Diccionario Universal del Derecho Español Constituido,
Fecha de publicación, distribución, etc. [R] 1854
300 ## - DESCRIPCION FISICA [R]
Extensión [R] xv, 281 páginas
Dimensiones [R] 23 x 16 cm
500 ## - NOTA GENERAL [R]
Nota general [NR] Detalles físicos: Encuadernación rígida en cartón forrado en papel. Lomo en cuero con nervaduras sobre costura y adornos en dorado. Tapas con raspaduras en bordes. Guardas simulando papel de agua. Hoja de cortesía. Anteportada. Portada impresa en una sola tinta. Texto impreso en una sola columna. Márgenes amplios. Papel manchado
505 0# - NOTA DE CONTENIDO CON FORMATO PREESTABLECIDO [R]
Nota de contenido con formato preestablecido [NR] Apuntes sobre la vida y escritura del autor ; Elegías ; Odas ; Epístolas ; Sonetos ; Poesías varias
506 ## - NOTA DE RESTRICCIONES DE ACCESO [R]
Condiciones de acceso [NR] Consulta en sala
600 1# - ASIENTO SECUNDARIO DE MATERIA - NOMBRE PERSONAL [R]
Nombre personal [NR] Gallego, Juan Nicasio
Fechas asociadas con el nombre [NR] 1777-1853
Subdivisión general [R] Colección de escritos
9 (RLIN) 76834
650 #7 - ASIENTO SECUNDARIO DE MATERIA - TERMINO TEMATICO [R]
9 (RLIN) 21809
Término temático o nombre geográfico como elemento de entrada [NR] Poesía española
650 #7 - ASIENTO SECUNDARIO DE MATERIA - TERMINO TEMATICO [R]
9 (RLIN) 7793
Término temático o nombre geográfico como elemento de entrada [NR] Literatura española
690 ## - ASUNTO AGREGADO LOCAL DE ENTRADA - TÉRMINO TEMÁTICO (OCLC, RLIN)
Acceso temático local Literatura europea
9 (RLIN) 26524
710 1# - ASIENTO SECUNDARIO - NOMBRE CORPORATIVO [R]
Nombre corporativo o de jurisdicción como elemento de entrada [NR] Real Academia Española
9 (RLIN) 36469
856 41 - LOCALIZACION Y ACCESO ELECTRONICOS [R]
Identificador Uniforme del Recurso (“URI”) [R] <a href="http://bibliotecadigital.jcyl.es/i18n/consulta/registro.cmd?id=1238">http://bibliotecadigital.jcyl.es/i18n/consulta/registro.cmd?id=1238</a>
Nota dirigida al público [R] Disponible en línea
942 ## - ELEMENTOS DE ENTRADA AGREGADOS (KOHA)
Sistema de clasificación LOCAL
Tipo de ítem principal el descrito en 300a Libro
Edición 1
Clasificación E39N046
Existencias
Suprimido Perdido Sistema de clasificación Dañado No prestable Tipo de ítem específico Ubicación habitual Ubicación actual Localización Fecha de creación Forma de adquisición Costo Total préstamos Signatura topográfica Código de barras Última vez visto Ejemplar Price effective from Tipo de ítem
    LOCAL     Libro archivo Archivo Histórico Archivo Histórico Archivo histórico 25/04/2016 Donación 0.00   E39N046 L005548 25/04/2016 Ej.1 25/04/2016 Libro